| 000 | 00840nam a2200217 i 4500 | ||
|---|---|---|---|
| 001 | 180074 | ||
| 003 | ES-MaACL | ||
| 005 | 20240503100009.0 | ||
| 008 | 120413s1923 sp |||| | spa d | ||
| 080 | _a811.134.2'342.9 | ||
| 100 | 1 |
_aKrepinsky, Max. _968814 |
|
| 245 | 1 | 0 |
_aInflexión de las vocales en español / _cMax Krepinsky ; tradución y notas de Vicente García de Diego. |
| 260 |
_aMadrid : _bJunta para Ampliación de Estudios : _bCentro de Estudios Históricos, _c1923. |
||
| 300 |
_a151 p. ; _c22 cm. |
||
| 490 | 1 |
_aAnejos de la "Revista de Filología Española" ; _v3 |
|
| 650 | 4 |
_aLengua española- _xEntonación. _9138960 |
|
| 700 | 1 |
_aGarcía de Diego, Vicente, _d1878-1978 _954421 |
|
| 830 | 0 |
_aAnejos de la "Revista de Filología Española" ; _v3 _9191161 |
|
| 852 |
_aES-MaACL _jE-15365 |
||
| 999 |
_c180074 _d180074 |
||